A guide to site planning and landscape construction
Αποθηκεύτηκε σε:
| Κύριος συγγραφέας: | |
|---|---|
| Μορφή: | Βιβλίο |
| Γλώσσα: | English |
| Δημοσίευση: |
London :
John Wiley & Sons,
c1996
|
| Έκδοση: | 4th ed. |
| Θέματα: | |
| Ετικέτες: |
Προσθήκη ετικέτας
Δεν υπάρχουν, Καταχωρήστε ετικέτα πρώτοι!
|
MARC
| LEADER | 00000nam a2200000 i 4500 | ||
|---|---|---|---|
| 001 | 1/70075 | ||
| 008 | 981119s1996 eng d | ||
| 020 | |a 0-471-12932-1 | ||
| 035 | |l 10030537 | ||
| 040 | |a GR-MY-UA |b gre |e aacr | ||
| 041 | 0 | |a eng | |
| 082 | 0 | |a 720.28 | |
| 100 | 1 | |a Rubenstein, Harvey M. | |
| 245 | 1 | 2 | |a A guide to site planning and landscape construction / |c Harvey M. Rubenstein |
| 250 | |a 4th ed. | ||
| 260 | |a London : |b John Wiley & Sons, |c c1996 | ||
| 300 | |a 412 p. |b fig.; tabl. | ||
| 500 | |a Rev. ed. of: Guide to site and environmental planning/ Harvey M. Rubenstein. 3rd ed. 1987 | ||
| 504 | |a Includes index | ||
| 650 | 0 | 0 | |a Building sites |x Planning. |
| 852 | |a INST |b LESVOS |e 19981119 |h 720.28 RUB |p 005100018033 |q 005100018033 |t BK |y 0 | ||
| 901 | |a BIBL-1998-3 | ||
| 909 | |a Λ |b 060133 | ||
| 922 | |a 1ΕΛΗ |b 199810 |c ΚΠΣ/ΤΠ |d ΠΑΠΑΣΩΤΗΡΙΟΥ | ||
| 950 | |a 107-1998-05-19 | ||